000 00841nam a2200241 a 4500
001 000042121
005 20201002035943.0
008 131114s1969 sp 000 p spa d
040 _aDO-SdBNP
_bsps
_cBNPHU
082 _a861.3
_bT689p, 1969
100 1 _aTorre, Francisco de la
_d1534?-1594.
_915869
245 1 0 _apoesías /
_cFrancisco de la Torre ; edición de Alonso Zamora Vicente.
250 _a3a ed.
260 _aMadrid :
_bEspasa-Calpe,
_c1969.
300 _alx, 203 p. ;
_c20 cm.
490 1 _aClásicos castellanos
_v124
500 _aIncluye referencias bibliógraficas y notas al pie de las páginas.
650 4 _aPoesía española
_9631
650 4 _aLiteratura española
_9632
700 1 2 _aZamora Vicente, Alonso
_eed.
_93327
830 0 _aClásicos castellanos
_n124
_969126
910 _aValidado. Control de calidad MFF
999 _c41610
_d41610